¿Qué es una cooperativa de ahorro y crédito?

Salvato in:
Dettagli Bibliografici
Ente Autore: Instituto Nacional de Fomento Cooperativo (Costa Rica)
Natura: testo
Pubblicazione: San José: INFOCOOP
Tags: Aggiungi Tag
Nessun Tag, puoi essere il primo ad aggiungerne!!

MARC

LEADER 00000 a a2200000 04500
001 17158
003
040
090 |a 004800  
110 |a Instituto Nacional de Fomento Cooperativo (Costa Rica)  
245 |a ¿Qué es una cooperativa de ahorro y crédito?  
260 |a San José:   |b INFOCOOP  
300 |a 14 p.  
999 |c 17585  |d 17585